Secretaría de Estado (Record no. 189749)

MARC details
000 -LEADER
campo de control de longitud fija 01009nam a2200229 i 4500
001 - NÚMERO DE CONTROL
campo de control 189749
003 - IDENTIFICADOR DE NÚMERO DE CONTROL
campo de control ES-MaACL
005 - FECHA Y HORA DE LA ÚLTIMA TRANSACCIÓN
campo de control 20251005063142.0
008 - DATOS DE LONGITUD FIJA--INFORMACIÓN GENERAL
campo de control de longitud fija 191009s1946 sp |||| | spa d
100 1# - ENTRADA PRINCIPAL--NOMBRE DE PERSONA
Nombre de persona Paz Espeso, Julián,
Fechas asociadas al nombre 1868-1962
9 (RLIN) 89769
245 10 - MENCIÓN DEL TÍTULO
Título Secretaría de Estado
Resto del título : documentos de las negociaciones de Flandes, Holanda y Bruselas, y papeles genealógicos. 1506-1795 /
Mención de responsabilidad, etc. por Julián Paz ; con un indice de títulos nobiliarios por Angel de la Plaza.
250 ## - MENCION DE EDICION
Mención de edición 2ª ed.
260 ## - PUBLICACIÓN, DISTRIBUCIÓN, ETC.
Lugar de publicación, distribución, etc. Madrid :
Nombre del editor, distribuidor, etc. [s.n.],
Fecha de publicación, distribución, etc. 1946 (
Fabricante Diana, Art. Gráf.)
300 ## - DESCRIPCIÓN FÍSICA
Extensión 450 p., 1 h. ;
Dimensiones 25 cm.
490 1# - MENCIÓN DE SERIE
Mención de serie Archivo General de Simancas. Catálogo ;
Designación de volumen o secuencia 3
594 ## - Nota al título y mención de responsabilidad
Nota al título y mención de responsabilidad Precede al tít.: Consejo Superior de Investigaciones Científicas, Instituto Jerónimo Zurita.
610 04 - PUNTO DE ACCESO ADICIONAL DE MATERIA--NOMBRE DE ENTIDAD CORPORATIVA
Nombre de entidad corporativa o nombre de jurisdicción como elemento de entrada Archivo General de Simancas-
Subdivisión de forma Catálogos.
9 (RLIN) 1440
700 0# - ENTRADA AGREGADA--NOMBRE PERSONAL
Nombre de persona Plaza, Angel de la.
9 (RLIN) 92616
830 00 - PUNTO DE ACCESO ADICIONAL DE SERIE-TÍTULO UNIFORME
Título uniforme Archivo General de Simancas.
Nombre de parte o sección de la obra Catálogo
Designación de volumen o secuencia 3
9 (RLIN) 193396
852 ## - LOCALIZACIÓN
Ubicación ES-MaACL
Número de control de estantería P-946-1
Holdings
Estatus retirado Estado de pérdida Estado de daño No para préstamo Biblioteca de origen Biblioteca actual Ubicación en estantería Fecha de adquisición Fuente de adquisición Total de préstamos Signatura topográfica completa Código de barras Visto por última vez Precio de reemplazo Tipo de ítem Koha
        Biblioteca del Ateneo de Madrid Biblioteca del Ateneo de Madrid Depósito 2 09/10/2019     P-946-1 1201185 23/02/2023 23/02/2023 Libro impreso